00243nam a2200109 45000820010000002420016000102450020000262600042000463000016000889420012001049990017001160 a220.500aZande Bible10aZiazia kekeapai bAlliance Biblique Universellecc.1978 a928, 244 p. 2ddccBK c64608d64582